|
|
|
|
| LEADER |
01002cam a2200277 7i4500 |
| 001 |
0000010716 |
| 005 |
20200408090000.0 |
| 008 |
200408s1996 nyu# ### #00001eng## |
| 020 |
# |
# |
|a 0070097674 (acid-free paper)
|
| 020 |
# |
# |
|a 0071141030
|
| 040 |
# |
# |
|a UMTlbenglcUMTlerda
|
| 090 |
0 |
0 |
|a TD 194.6
|b .C3 1996
|
| 100 |
0 |
# |
|a Canter, Larry W.
|e author
|
| 245 |
1 |
0 |
|a Environmental impact assessment
|c Larry W. Canter.
|
| 250 |
# |
# |
|a 2nd edition.
|
| 264 |
# |
1 |
|a New York:
|b McGraw-Hill,
|c 1996.
|
| 264 |
# |
4 |
|c ♭1996.
|
| 300 |
# |
# |
|a xx, 660 pages:
|b some colour illustrations;
|c 25 cm.
|
| 336 |
# |
# |
|a text
|2 rdacontent
|
| 337 |
# |
# |
|a unmediated
|2 rdamedia
|
| 338 |
# |
# |
|a volume
|2 rdacarrier
|
| 490 |
0 |
# |
|a McGraw-Hill series in water resources and environmental engineering
|
| 504 |
# |
# |
|a Includes bibliographical references and index
|
| 650 |
0 |
0 |
|a Environmental impact analysis
|
| 830 |
# |
0 |
|a McGraw-Hill series in water resources and environmental engineering
|
| 999 |
|
|
|a 1000399034
|b Book
|c Open Shelf
|e KOLEKSI TERBUKA
|